[Event "Challenge"]
[Site "http://www.queenalice.com/game.php?id=336634"]
[Date "2008.1.15"]
[Round "-"]
[White "RILLARY"]
[Black "natasha"]
[Result "1-0"]
[WhiteElo "1704"]
[BlackElo "1508"]

1. Nf3 c5 2. c4 g6 3. Nc3 Bg7 4. e3 e6 5. d4 d6 6. Bd2 Ne7 7. Bd3 O-O 8. O-O
Nbc6 9. dxc5 d5 10. cxd5 Nxd5 11. Nxd5 exd5 12. Rb1 Bg4 13. Be2 Ne5 14. Nxe5
Bxe2 15. Qxe2 Bxe5 16. b4 Qc7 17. f4 Bg7 18. f5 g5 19. Rf2 Rae8 20. Rbf1 d4 21.
e4 Re5 22. Bxg5 Rfe8 23. Bf4 Rxe4 24. Qxe4 Rxe4 25. Bxc7 d3 26. f6 Bh6 27. Bd6
Rd4 28. Re1 d2 29. Re8+ 1-0

[Event "Challenge"]
[Site "http://www.queenalice.com/game.php?id=336635"]
[Date "2008.1.15"]
[Round "-"]
[White "natasha"]
[Black "RILLARY"]
[Result "0-1"]
[WhiteElo "1508"]
[BlackElo "1500"]

1. d4 c5 2. dxc5 Nc6 3. Bf4 e5 4. Bg3 Bxc5 5. Nc3 f5 6. e3 d6 7. Bb5 Bd7 8. Nd5
Nf6 9. Nxf6+ gxf6 10. Nf3 Qa5+ 11. c3 Qxb5 12. Nd2 O-O-O 13. c4 Qa5 14. O-O h5
15. Nb3 Qb6 16. a4 h4 17. a5 Nxa5 18. Rxa5 hxg3 19. Qa1 gxf2+ 20. Rxf2 Bxe3 0-1

[Event "AUTO-INT-830"]
[Site "http://www.queenalice.com/game.php?id=370274"]
[Date "2008.3.13"]
[Round "1"]
[White "drpehrson"]
[Black "natasha"]
[Result "1-0"]
[WhiteElo "1685"]
[BlackElo "1558"]

1. c4 e5 2. Nc3 Nc6 3. a3 Nf6 4. e3 Be7 5. g3 O-O 6. d3 d5 7. cxd5 Nxd5 8. Nxd5
Qxd5 9. f3 f5 10. Bg2 e4 11. fxe4 fxe4 12. Bxe4 Qf7 13. Nf3 Ne5 14. O-O Nxf3+
15. Rxf3 Qe6 16. Rxf8+ Bxf8 17. Qh5 g6 18. Qf3 1-0

[Event "AUTO-INT-830"]
[Site "http://www.queenalice.com/game.php?id=370275"]
[Date "2008.3.13"]
[Round "1"]
[White "natasha"]
[Black "drpehrson"]
[Result "0-1"]
[WhiteElo "1570"]
[BlackElo "1673"]

1. c4 c5 2. Nc3 a6 3. Nf3 e6 4. e3 g6 5. d4 cxd4 6. exd4 Bg7 7. Be2 h6 8. O-O
Ne7 9. Be3 d6 10. Qd2 Nf5 11. Bf4 O-O 12. Bd3 Nc6 13. Bxf5 exf5 14. d5 Ne5 15.
Nxe5 dxe5 16. Bxh6 f4 17. Bxg7 Kxg7 0-1

[Event "AUTO-INT-830"]
[Site "http://www.queenalice.com/game.php?id=370296"]
[Date "2008.3.13"]
[Round "1"]
[White "LucianoCenci"]
[Black "natasha"]
[Result "0-1"]
[WhiteElo "1569"]
[BlackElo "1549"]

1. c4 c5 2. Nc3 Nc6 3. g3 e6 4. Bg2 Nf6 5. Nf3 Be7 6. O-O O-O 7. d3 d5 8. Bf4 a6
9. Ne5 Nxe5 10. Bxe5 d4 11. Qb3 dxc3 0-1

[Event "AUTO-INT-830"]
[Site "http://www.queenalice.com/game.php?id=370297"]
[Date "2008.3.13"]
[Round "1"]
[White "natasha"]
[Black "LucianoCenci"]
[Result "0-1"]
[WhiteElo "1599"]
[BlackElo "1880"]

1. Nf3 Nf6 2. b3 b6 3. Bb2 Bb7 4. d3 e6 5. e4 Be7 6. Be2 O-O 7. O-O c5 8. c4 Nc6
9. Nbd2 d5 10. cxd5 exd5 11. exd5 Qxd5 12. Nc4 Rad8 13. a3 Nh5 14. Nfe5 Nxe5 15.
Ne3 Qc6 16. Bxe5 Nf6 17. Bb2 Nd5 18. Nxd5 Qxd5 19. Bf3 Qd7 20. Bxb7 Qxb7 21. Qg4
g6 22. Qh3 Rfe8 23. Rfe1 Bf8 24. Rxe8 Rxe8 25. Kf1 Qe7 26. Qf3 Bg7 27. Bxg7 Kxg7
28. g3 Qe6 29. Rb1 Qh3+ 30. Kg1 Qe6 0-1

[Event "AUTO-OPEN-1053"]
[Site "http://www.queenalice.com/game.php?id=370347"]
[Date "2008.3.13"]
[Round "1"]
[White "Maffu"]
[Black "natasha"]
[Result "0-1"]
[WhiteElo "1597"]
[BlackElo "1512"]

1. e4 c5 2. Nf3 g6 3. Bc4 e6 4. O-O Bg7 5. d3 Ne7 6. e5 O-O 7. Bg5 d5 8. Bb5 a6
9. Nh4 axb5 10. Bxe7 Qxe7 11. Nxg6 fxg6 12. d4 cxd4 13. Qxd4 Nc6 14. Qe3 Nxe5
15. h3 d4 16. Qb3 b6 17. Nd2 Qg5 18. f4 Rxf4 19. Qxb5 Nf3+ 20. Rxf3 Qxb5 21.
Rxf4 Qxb2 22. Raf1 Qxc2 23. Ne4 e5 24. Nf6+ Kf7 25. Nxh7+ exf4 26. Rxf4+ Kg8 27.
Ng5 Ba6 28. Kh2 Be5 0-1

[Event "AUTO-OPEN-1053"]
[Site "http://www.queenalice.com/game.php?id=370348"]
[Date "2008.3.13"]
[Round "1"]
[White "natasha"]
[Black "Maffu"]
[Result "1-0"]
[WhiteElo "1531"]
[BlackElo "1578"]

1. e4 e5 2. Nf3 Nc6 3. Nc3 f5 4. d3 Bb4 5. Bd2 fxe4 6. dxe4 Nf6 7. Bd3 d6 8. O-O
Bg4 9. Be2 Bxf3 10. Bxf3 Nd4 11. a3 Nxf3+ 12. Qxf3 Bxc3 13. Bxc3 O-O 14. Rad1
Qd7 15. Bxe5 Ng4 16. Qg3 Nxe5 17. Qxe5 Rae8 18. Qd5+ Kh8 19. Qxb7 Rf6 20. Qxa7
Qg4 21. Qxc7 Rxf2 22. Kxf2 Rf8+ 23. Kg1 Rxf1+ 24. Rxf1 h5 25. Qxd6 Qxe4 26. Qf8+
Kh7 27. Qf5+ Qxf5 28. Rxf5 1-0

[Event "AUTO-OPEN-1053"]
[Site "http://www.queenalice.com/game.php?id=370377"]
[Date "2008.3.13"]
[Round "1"]
[White "natasha"]
[Black "Pato"]
[Result "0-1"]
[WhiteElo "1572"]
[BlackElo "2142"]

1. c4 Nf6 2. d4 e5 3. dxe5 Ng4 4. Nf3 Bc5 5. e3 Nc6 6. e6 dxe6 7. Qxd8+ Nxd8 8.
Be2 Nc6 9. O-O e5 10. Nc3 O-O 11. Nh4 Ne7 12. Ne4 Bb6 13. a3 c6 14. Nd6 Nf6 15.
Nxc8 Raxc8 16. b4 Rcd8 17. c5 Bc7 18. Rd1 g6 19. Bb2 Ned5 20. Bc4 Rfe8 21. Nf3
h6 22. h3 g5 23. b5 Ne4 24. bxc6 bxc6 25. g4 f6 26. Nd2 Nxc5 27. e4 Kg7 28. exd5
cxd5 29. Ba2 Nd3 30. Bc1 Bb6 31. Rf1 e4 0-1

[Event "AUTO-OPEN-1053"]
[Site "http://www.queenalice.com/game.php?id=370378"]
[Date "2008.3.13"]
[Round "1"]
[White "Pato"]
[Black "natasha"]
[Result "1-0"]
[WhiteElo "2109"]
[BlackElo "1601"]

1. Na3 e5 2. Nh3 Bxa3 3. bxa3 d5 4. e3 Bxh3 5. gxh3 Nd7 6. Rb1 b6 7. Rg1 g6 8.
Bg2 Ngf6 9. c4 c6 10. a4 Qe7 11. a5 O-O 12. axb6 axb6 13. a4 Rab8 14. h4 Nc5 15.
h5 Nd3+ 16. Kf1 Nxc1 17. Rxc1 e4 18. hxg6 fxg6 19. Bh3 Qe5 20. Rg2 d4 21. Qb3 c5
22. Qb5 dxe3 23. dxe3 Kg7 24. Qc6 Qe7 25. Rg5 Qf7 26. Rc2 Qb7 27. Qxb7+ Rxb7 28.
Rb2 Rfb8 29. a5 1-0

[Event "Challenge"]
[Site "http://www.queenalice.com/game.php?id=371671"]
[Date "2008.3.15"]
[Round "-"]
[White "natasha"]
[Black "Kingfish"]
[Result "0-1"]
[WhiteElo "1594"]
[BlackElo "1448"]

1. d4 Nf6 2. c4 d5 3. Nc3 e6 4. cxd5 exd5 5. e3 Bb4 6. Bd3 O-O 7. Ne2 Re8 8. O-O
Nc6 9. a3 Bxc3 10. bxc3 Ne7 11. Qc2 g6 12. e4 Nxe4 13. Bxe4 dxe4 14. Qxe4 Nf5
15. Qd3 c6 16. Bf4 Qd5 17. c4 Qe4 18. Qxe4 Rxe4 19. Rfe1 Bd7 20. f3 Ree8 21. g4
Nh4 22. Kf2 f6 23. Bg3 g5 24. Bxh4 gxh4 25. Nf4 Kf7 26. Rxe8 Rxe8 27. Rb1 b5 28.
cxb5 cxb5 29. h3 a6 30. Rc1 Rc8 31. Rxc8 Bxc8 32. Ng2 a5 33. Nxh4 Be6 34. Ke3
Ke7 0-1

[Event "Paulinho Rezende"]
[Site "http://www.queenalice.com/game.php?id=379138"]
[Date "2008.3.29"]
[Round "1"]
[White "Joseilton"]
[Black "natasha"]
[Result "1-0"]
[WhiteElo "1597"]
[BlackElo "1547"]

1. c4 c5 2. Nc3 Nc6 3. g3 Nf6 4. Bg2 e5 5. Nf3 Be7 6. O-O O-O 7. b3 Rb8 8. Bb2
b6 9. e3 Bb7 10. d4 cxd4 11. exd4 1-0